Statistics for Candide Franchise

Click here to take the quiz!

General Stats

  • This quiz has been taken 6 times
  • The average score is 3 of 9

Answer Stats

TypeYearNameInfo% Correct
Novel1759CandideVoltaire
100%
Musical1956CandideLeonard Bernstein
100%
Film1960Candide, or the Optimist of the Twentieth CenturyConsortium Pathé
100%
Novel1760Candide, Part IIThorel de Campigneulles or Henri Joseph Du Laurens
20%
Novel1958CandyMaxwell Kenton
0%
Film1968CandyCinerama Releasing Corporation / CFDC
0%
Film1975Mondo CandidoEIA / CFD
0%
Poem1759Poème sur le Désastre de LisbonneVoltaire
0%
Film2006The OptimistsNova Film
0%

Score Distribution

Percentile by Number Answered

Percent of People with Each Score

Your Score History

You have not taken this quiz